000 00828nmc a2200301 a 4500
003 AR-BaBNM
005 20251128210251.0
008 011101s1994 ||||||||||||||000 | spa||
020 _a84-8063-098-1
040 _cAR-BaBNM
100 1 _aCalero Heras, José
245 1 0 _aDe la letra al texto
_btaller de escritura
250 _a1ª ed.
260 _aBarcelona
_bEdiciones Octaedro
_c1994
300 0 _a128 p.
_bil., tablas
490 0 _aCuadernos Octaedro
504 _aContiene bibliografía p. 127-128
650 4 _aVOCABULARIO
650 4 _aENSENANZA DE LA ESCRITURA
650 4 _aLECTURA
650 4 _aMETODOS DE ENSENANZA
650 4 _aTECNICAS DIDACTICAS
650 4 _aACTIVIDADES DE APRENDIZAJE
653 _aENSENANZA DE LA LENGUA
653 _aTALLER LITERARIO
942 _cBK
998 _cRaquel
999 _c14704
_d14704